| 000 | 00565nam a2200181Ia 4500 | ||
|---|---|---|---|
| 003 | LK-CoDNM | ||
| 008 | 010623t2002 xxu||||| |||| 00| 1 sin d | ||
| 040 |
_aLK-CoDNM _dLK-CoDNM _eLK-CoDNM |
||
| 041 | _asin | ||
| 080 | _a159.9SUM | ||
| 100 | _aSumanasekara,Manike. | ||
| 245 | _aජීවිතයට සහනයක්,ප්රායෝගික මනෝවිද්යා | ||
| 246 | _aJeevithayatha Sahanayak : Practical Psycology | ||
| 260 |
_bManike Sumanasekara _aNugegoda _c2002 |
||
| 300 | _b100p., 21 cm | ||
| 650 | _aPsycology | ||
| 942 | _cBK | ||
| 999 |
_c122031 _d122031 |
||